ARRUPE JESUIT UNIVERSITY

CORONAVIRUS -STOP THE SPREAD - CLEAN,DISINFECT,COVER

The history of nature / (Record no. 123294)

MARC details
000 -LEADER
fixed length control field 00835cam a22002771a 4500
001 - CONTROL NUMBER
control field 8357458
003 - CONTROL NUMBER IDENTIFIER
control field ARRUPE
005 - DATE AND TIME OF LATEST TRANSACTION
control field 20150908141213.0
008 - FIXED-LENGTH DATA ELEMENTS--GENERAL INFORMATION
fixed length control field 921222s1949 iluaf 000 0 eng
010 ## - LIBRARY OF CONGRESS CONTROL NUMBER
LC control number 49010907
035 ## - SYSTEM CONTROL NUMBER
System control number (OCoLC)27161295
040 ## - CATALOGING SOURCE
Original cataloging agency DLC
Transcribing agency INS
Modifying agency TxU-Da
-- OCoLC
-- DLC
041 1# - LANGUAGE CODE
Language code of text/sound track or separate title eng
Language code of original and/or intermediate translations of text ger
042 ## - AUTHENTICATION CODE
Authentication code premarc
050 00 - LIBRARY OF CONGRESS CALL NUMBER
Classification number Q175
Item number .W5117
082 ## - DEWEY DECIMAL CLASSIFICATION NUMBER
Classification number 504
300 ## - PHYSICAL DESCRIPTION
Dimensions 21 cm.
100 1# - MAIN ENTRY--PERSONAL NAME
Personal name Weizsäcker, Carl Friedrich,
Titles and other words associated with a name Freiherr von,
9 (RLIN) 19500
245 14 - TITLE STATEMENT
Title The history of nature /
Statement of responsibility, etc C.F. von Weizsäcker ;
260 ## - PUBLICATION, DISTRIBUTION, ETC. (IMPRINT)
Place of publication, distribution, etc Chicago :
Name of publisher, distributor, etc University of Chicago Press,
Date of publication, distribution, etc c1949.
300 ## - PHYSICAL DESCRIPTION
Extent vi, 191 p.,
490 0# - SERIES STATEMENT
Series statement Phoenix books
500 ## - GENERAL NOTE
General note Translation of: Die Geschichte der Natur.
650 #0 - SUBJECT ADDED ENTRY--TOPICAL TERM
Topical term or geographic name as entry element Science
General subdivision Philosophy.
9 (RLIN) 19501
906 ## - LOCAL DATA ELEMENT F, LDF (RLIN)
a 7
b cbc
c oclcrpl
d u
e ncip
f 19
g y-gencatlg
942 ## - ADDED ENTRY ELEMENTS (KOHA)
Source of classification or shelving scheme Library of Congress Classification
Koha item type Monograph ( Printed materials)
Holdings
Withdrawn status Lost status Source of classification or shelving scheme Damaged status Not for loan Collection code Home library Current library Shelving location Date acquired Total Checkouts Full call number Barcode Date last seen Price effective from Koha item type
    Library of Congress Classification     Main Collection ARRUPE LIBRARY ARRUPE LIBRARY Main Collection 08/09/2015   Q175 .W5117 46500003902 03/07/2019 08/09/2015 Monograph ( Printed materials)

 

Arrupe Library. PO Box MP320 Mt Pleasant, Harare, Zimbabwe
263 242 745411|librarian@aju.ac.zw